00744nam a2200205 a 450000100100000000500170001000800410002702000150006804000250008308200200010810000290012824501230015726000360028030000200031650000640033665000520040065000220045265000270047470000370050100001281020241130074013.0091117s1996 dr 001 f spa d z9768556287 aDO-SdBNPbspacBNPHU aRD863.44bN714d1 aNina, Diógenes,d1941-14aLos duendes de la casa de Martha Delpino /cDiógenes Nina ; prólogo, edición y corrección Odalís G. Pérez. aSanto Domingo :bBúho,c1996. a79 p. ;c22 cm. aIncluye datos biográficos del autor en la contracubierta. 4aNina, diógenes,xCrítica e interpretación 0aNovela dominicana 0aLiteratura dominicana.12aPérez, Odalís d1952-eprol.